| 000 | 00694nam a22002417a 4500 | ||
|---|---|---|---|
| 999 |
_c14793 _d14793 |
||
| 003 | AR-CdUCM | ||
| 008 | 190424b ||||| |||| 00| 0 spa d | ||
| 020 | _a978-958-30-3811-2 | ||
| 040 |
_aMUNICIPALIDAD PROVINCIAL DEL CUSCO _cBIBLIOTECA MUNICIPAL DEL CUSCO |
||
| 041 | _hspa | ||
| 082 |
_aES / 808.06 / _bM26 |
||
| 100 |
_aMarx, André _933682 |
||
| 245 | _aLa pandilla salvaje / | ||
| 260 |
_aBogotá : _bPanamericana, _c2011. |
||
| 300 |
_a124 páginas ; _c21 cm. |
||
| 440 |
_aNovela juvenil _933691 |
||
| 650 |
_aLiteratura _9416 |
||
| 650 |
_aJuvenil _927913 |
||
| 650 |
_aInfancia _95236 |
||
| 700 |
_aPfeiffer, Boris _933685 |
||
| 942 |
_2ddc _cLIBROS |
||
| 945 |
_arah _d24/04/2019 |
||